000 01016nam a22003017a 4500
003 CHAP
005 20220329143619.0
008 100930s1927 mx a r 00010 spa d
010 _a99345
011 _a100317
035 _a111003
040 _cCHAP
090 _aFolleto 17773
100 1 _aWaltz, Paúl.
_9121002
245 1 0 _aInforme sobre las condiciones geológicas de las boquillas del río de San Pedro, afluente del río Conchos Chihuahua.
_c/por Paúl Waltz
260 _aMéxico, D. F. :
_bComisión Nacional de Irrigación,
_c1927
300 _a31 p. :
_bills. mapas
590 _aBATCH-UPD
_b10
_c20130110
_lUCH01
_h0913
590 _aBATCH-UPD
_b10
_c20130410
_lUCH01
_h0538
590 _aBATCH-UPD
_b10
_c20130914
_lUCH01
_h0658
590 _aCONVERSION
_b10
_c20130109
_lUCH01
_h1355
650 0 4 _aBoquillas.
_913816
650 0 4 _aGeología
_xChihuahua.
_947615
650 0 4 _aHidrología.
_955257
901 _aBK
942 _cLIBRO
949 _aFolleto 17773
_bBC
_cBPA
_d33724002209446
_eTS1
_i111003
_sb
999 _c99345
_d99345